000 00441nam a2200157Ia 4500
008 240729s9999 xx 000 0 und d
022 _a2785-0943
245 0 _aLinguistic Typology at the Crossroads
260 _aItaly
260 _bUniversity of Bologna
650 _a Philology. Linguistics
650 _aLanguage and Literature
856 _uhttps://doaj.org/toc/ffc5c2354fce45b68a8d39f034f08aeb
942 _2ddc
942 _cDOAJEJ
999 _c69217
_d69217
945 _a1
_bMadushi Gamage
_c1
_dMadushi Gamage